000
00272nam a2200097Ia 4500
001
698671
005
20250826162056.0
008
250824s9999 xx 000 0 und d
245
0
_a
KELİLE VE DİMNE (ANTİK OKUL KLASİKLERİ)
_c
BEYDEBA
260
_b
ANTİK DÜNYA KLASİKLERİ
999
_c
698671
_d
698671